| 000 | 00427nam a2200121 4500 | ||
|---|---|---|---|
| 999 |
_c15176 _d15176 |
||
| 008 | 200305b ||||| |||| 00| 0 eng d | ||
| 100 |
_941935 _aGeducos, Argyll Cyrus B. _eAuthor. |
||
| 245 |
_aPalace welcomes PH ranking as 50th best country in the world/ _cArgyll Cyrus B. Geducos. |
||
| 260 |
_aPhilippines; _bManila Bulletin, _c©2019. |
||
| 300 |
_apage 2; _c29.5cm. |
||
| 650 |
_aEconomic conditions. _941936 |
||
| 942 |
_2ddc _cPER |
||